000 00476nam a2200193Ia 4500
003 GCL
008 140319s9999 xx 000 0 eng d
040 _aGCL /
_cGCL
082 0 4 _a759.054
_bT I
100 1 _aHOWARD, MICHAEL
245 1 0 _aIMPRESSIONISM /
_cHOWARD, MICHAEL
700 1 _aTHOMSON, BELINDA
260 _a[S.N] :
_bMAGNA BOOKS ،
_c1988
300 _a192
650 0 4 _aIMPRESSIONISM
650 0 4 _aIMPRESSIONISTS
650 0 4 _aMODERN ART
942 _2ddc
_cBK
999 _c24644
_d24644